000 00653nam a2200181 a 4500
001 000017210
005 20250924073802.0
008 100319s1950 dr 000 0 spa d
040 _aDO-SdBNP
_bspa
_cBNPHU
082 _axxx
_bP625a
100 1 _aPieter, H.
_923017
245 1 0 _aApuntes de cancerolojía :
_bpara el prontuario del médico práctico /
_cH. Pieter.
260 _aCiudad Trujillo :
_bUniversidad de Santo Domingo,
_c1950.
300 _a66 p. ;
_c25 cm.
490 1 _aPublicaciones de la Universidad Autónoma de Santo Domingo
_vvol. 75
830 _aPublicaciones de la Universidad Autónoma de Santo Domingo
_vvol. 75
_952
049 _aBNPD
999 _c16735
_d16735